000 00379nam a2200157Ia 4500
008 090124s9999 xx 000 0 und d
082 _b110214
245 _a मोहर
250 _a1
260 _c1963
300 _a136
630 _a मोहर
700 _a"महाजन, कुरुंदकर वगैरे"
730 _a मोहर
942 _cBOOK
999 _c156305
_d156305